MDQL
is popping MORE tags! Check the
thread
!
Quizzes
Events
Quiz Creation
Community
Videos
Private Events
Remove Ads
Sign In
Join for FREE
Feedback
Dark Mode
Quiz Categories
Sports
Geography
Music
Movies
Television
Just For Fun
Miscellaneous
History
Literature
Language
Science
Gaming
Entertainment
Religion
Holiday
For Kids
Quiz Lab
Recent
Popular Today
Quiz Kudos Today
Editor Picks
Curator Picks
Quizzes by...
Day
Popularity
Type
Ratings
Length
Year
Community
Subscriptions
Recent Discussions
Orange Saloon
Badges
Playlists
Quests
Create
Leaderboards
Showdown
Live 5
Trivia Bingo
Activity
Puzzle Library
Sporcle Events
Private Events
Virtual Trivia
Globe League
Become a Host
Pub Owners
SporcleCon
Opinionation
Our Games
Videos
Blog
Mobile Apps
Partnerships
Remove Ads and Go Orange
Feedback
Sports
Athletes
MLB
NBA
NHL
NFL
Soccer
Sports Teams
WWE
NCAA
Football
Premier League
Basketball
Baseball
Hockey
Golf
Tennis
Cricket
Rugby
Auto Racing
Olympics
World Cup
Sports
Athletes
MLB
NBA
NHL
NFL
Soccer
Sports Teams
WWE
NCAA
Football
Premier League
Basketball
Baseball
Hockey
Golf
Tennis
Cricket
Rugby
Auto Racing
Olympics
World Cup
Random Quiz
Search Sporcle
×
Quiz Lab
Quiz Lab
Sports
Football
Type in answers that appear in a list
Type in answers that appear in a list
Classic
Best Score? Go Orange.
College Football Best and Worst APR's 2010 Stats
Can you name the Can you name the Smartest and Dumbest College Football Teams based on APR's in 2010??
By
smencher
6m
50 Questions
276 Plays
276 Plays
276 Plays
Comments
Comments
Give Quiz Kudos
Give Quiz Kudos
-
- Ratings
hide this ad
More Info
Replay
Link that replays current quiz
Next Quiz
Link to next quiz in quiz playlist
You Got
0%
They Got
Avg Score
50%
Avg Friend Score
Upgrade to see
Score Distribution
Jump to the score distribution portion of the page
Score
0/50
Timer
06:00
1
Play Today
APR
School
% Correct
978
Notre Dame
80.4%
975
Ohio State
79%
983
Duke
76.4%
971
Florida
74.3%
976
Stanford
70.3%
973
Georgia
69.9%
978
Miami (FL)
68.8%
970
Miami (OH)
68.8%
974
Penn State
66.3%
969
California
65.9%
927
Florida State
65.9%
969
Indiana
65.2%
968
Wisconsin
64.9%
986
Northwestern
64.5%
992
Rutgers
61.2%
967
Clemson
60.1%
975
Vanderbilt
59.8%
973
Navy
59.1%
967
Boston College
59.1%
967
Georgia Tech
58.7%
930
Purdue
58%
974
Boise State
57.6%
929
Maryland
56.2%
930
Arkansas
56.2%
918
Washington State
55.4%
APR
School
% Correct
921
Mississippi
54.7%
926
Iowa State
52.5%
920
Colorado
52.2%
968
TCU
50.7%
926
Louisville
50%
988
Air Force
46.4%
987
Rice
44.2%
918
New Mexico
41.7%
930
South Florida
39.5%
972
UCF
36.2%
927
Akron
34.8%
908
Idaho
33.7%
926
Temple
31.2%
921
Buffalo
30.4%
929
Kent State
30.4%
931
Bowling Green
29.7%
887
UAB
29.7%
910
San Jose State
29.3%
928
Wyoming
29.3%
928
UTEP
29%
902
Louisiana-Monroe
27.5%
919
Florida Atlantic
27.5%
906
Florida International
26.8%
927
North Texas
25.7%
975
Northern Illinois
25.4%
Quiz Playlist
Details
Report
Send in Message
Add To Playlist
More Info:
Can you name the top 25 and bottom 25 Division-1A schools based their APR, which is a measurement of academics via graduation rates.
Classic:
Type in answers that appear in a list
Last Updated: Feb 16, 2017
Quiz Scoreboard
CHALLENGE
Sign Up to Join the Scoreboard
Show All
Scores
Hide
Comments
May contain spoilers
Recently Published
Street Fighter Characters
by Artimus82
Gaming
60s
9x9 Crossword: Cartoon Network
by jackfrog10
Miscellaneous
3m
College Basketball Coaching Resumes
by pancakes188
Sports
9m
More to Explore
Quiz From the Vault
Featured Blog Post
Where Did the Easter Bunny Come From?
hide this ad
You Might Also Like...
Tags
College Quiz
Football Quiz
2010
Conference
dumbest
Football Team
school
smartest
team
Worst
Today's Top Quizzes in Sports
Browse Sports
hide this ad
Today's Top Quizzes in Football
Browse Football
Top Contributed Quizzes in Sports
1
2022 World Cup Stars
2
Les meilleurs buteurs des matchs entre le PSG et l’OM
3
FIFA Club World Cup Champions
4
Les entraîneurs de l'OM et du PSG au 21e siècle
5
Criteria MLB: Left Handed Sluggers
6
2023 MLB Unique Player Accomplishments
7
AFC Teams Reveal (Wrong Answers Minefield)
8
5-to-1: FBS Animal Nicknames
9
Players with Multiple 50 Home Run Seasons
10
5-to-1: UK Sports Teams
Explore More
Trending Topics
Harry Potter
Kpop
NBA
Disney
Marvel
Anime
Crossword
WWE
Soccer
NFL
The Office
Country
Pokémon
Song
Puzzle
hide this ad
More By:
smencher
Quiz
Plays
Rating
Category
Featured
Created
Most College Football Wins Since 1980
4,507
4.63
Sports
Jul 1, 2010
Top 100 U.S. Universities in 2010
3,084
4.04
Miscellaneous
Jul 21, 2010
NCAA Tournament Bids
792
4.23
Sports
Jun 16, 2010
Teams Clemson has beat All-Time
698
4.50
Sports
Jul 2, 2010
College Football Stadiums vs. Enrollment
676
4.00
Sports
Jun 15, 2010
Go to Creator's Profile
Score Distribution
Quiz Creator Spotlight
smencher
Follow
Send a Message
Quizzes Created
-
Created Quiz Play Count
-
More By This Creator
Popular Quizzes Today
1
Find the US States - No Outlines Minefield
2
Find the Countries of Europe - No Outlines Minefield
3
The Countries of the World
4
Find the US States
5
Risky Map Clicking: Biggest States A-Z
6
US States
7
Popular People in 1961
8
Movies - When Are They Set?
More Sports Quizzes
Top XIs: Juventus FC (1972-2000)
Quiz Lab
Trending Quizzes
Risky Map Clicking: Least Populous States A-Z
Countries of the World: 200 Million BC
Billboard Blitz: Aretha Franklin
1-10 Letter G Words
Famous Russians: Author or Composer?
Recently Updated
Leaping Animals
pecheneg
Reality TV Shows (A-Z)
bhenderson79
Rickey Henderson's Hall of Fame Teammates
pecheneg
Champions League XIs: Arsenal
pecheneg
Quick Pick: Celebrities in WWE's Hall of Fame
aduchscher
A-Z Keypad Blitz II
pecheneg
Multiple Oscar Actors
pecheneg
Mystery Phrase Blitz: Oscar 'Best Actors'
pecheneg
F. Scott Fitzgerald Novels
LTH
Pick 3 Villains
ddd62291
Trending Topics
Anime
NBA
Marvel
Harry Potter
Crossword
Kpop
Disney
NFL
The Office
Pokémon
Puzzle
Song
Soccer
WWE
Country
Your Account Isn't Verified!
In order to create a playlist on Sporcle, you need to verify the email address you used during registration. Go to your
Sporcle Settings
to finish the process.
Report this User
Report this user for behavior that violates our
Community Guidelines
.
Details:
Send Report
Go to the Sporcle.com Mobile Site →
Comments